00869nam a2200193 a 450000100100000000500170001000800410002704000250006808200150009310000350010824500720014326000290021530000280024459000280027295201270030095201130042795201180054099900170065800002063120200930011135.0090706s dr a 00 0 spa d aDO-SdBNPbspacBNPHU axxxbL791m 1aLlenas Dávila, Niurka94336310aMamushka las hojas maduras de mi otoño /cNiurka Llenas Dávila. a[s.l] :b[s.n],c[20--]. a158 p. :bil. ;c22 cm. aInventariado, 2020 / DG 001054708DSaGRbGRcHDd2020-03-13iLF1l0oxxx L791mp20631-30r2020-06-25te.3w2020-06-25yLFDSZPréstamo en sala 0010718PDaPDbPDcHDd2020-03-13iLF1l0oxxx L791mp20631-10r2020-06-25w2020-06-25yLFPDZNo se presta 0010718PDaPDbPDcHDd2020-03-13iLF1l0oxxx L791mp20631-20r2020-06-25te.2w2020-06-25yLFPDZNo se presta c20135d20135